[Event "Winnipeg TNT Oct op"]
[Site "Winnipeg CAN"]
[Date "1997.10.14"]
[Round "2"]
[White "Guenther, Don"]
[Black "Trueman, Francis"]
[Result "1-0"]
[WhiteElo "1715"]
[BlackElo "1434"]
[PlyCount "33"]
[GameId "2160767911931929"]
[EventDate "1997.10.07"]
[EventType "swiss"]
[EventRounds "4"]
[EventCountry "CAN"]

1. Nf3 c6 2. e4 d5 3. exd5 cxd5 4. d4 Nc6 5. c3 Nf6 6. Bd3 Bg4 7. Bf4 e6 8. Nbd2 Bd6 9. Bg3 O-O 10. Qc2 Rc8 11. a3 Re8 12. O-O Bxg3 13. fxg3 Qb6 14. Kh1 Bxf3 15. Nxf3 Nxd4 16. Nxd4 Qxd4 17. cxd4 1-0

[Event "Winnipeg TNT Oct op"]
[Site "Winnipeg CAN"]
[Date "1997.10.14"]
[Round "2"]
[White "Kim, Phillip"]
[Black "Remillard, John"]
[Result "1-0"]
[WhiteElo "2105"]
[BlackElo "1600"]
[PlyCount "57"]
[GameId "2160767911931930"]
[EventDate "1997.10.07"]
[EventType "swiss"]
[EventRounds "4"]
[EventCountry "CAN"]

1. e4 c5 2. Nf3 Nc6 3. d4 cxd4 4. Nxd4 e5 5. Nb5 d6 6. c4 Be6 7. b3 Nf6 8. Bd3 a6 9. N5c3 Qc7 10. O-O Be7 11. Bb2 Nd7 12. Re1 f6 13. Nd5 Bxd5 14. exd5 Na7 15. Qh5+ Kf8 16. Bf5 b5 17. Be6 g6 18. Qh6+ Ke8 19. Qg7 Rf8 20. cxb5 Nxb5 21. Nd2 Nb6 22. Rac1 Qd8 23. Qxh7 Qb8 24. Ne4 Ra7 25. a4 Nc7 26. Red1 Nxa4 27. bxa4 Qxb2 28. Rb1 Qc2 29. Rb8+ 1-0

[Event "Winnipeg TNT Oct op"]
[Site "Winnipeg CAN"]
[Date "1997.10.14"]
[Round "2"]
[White "Klokow, John"]
[Black "Hassain, Mahmud"]
[Result "1-0"]
[WhiteElo "1761"]
[BlackElo "1894"]
[PlyCount "88"]
[GameId "2160767911931931"]
[EventDate "1997.10.07"]
[EventType "swiss"]
[EventRounds "4"]
[EventCountry "CAN"]

1. e4 d5 2. exd5 Nf6 3. d4 Bg4 4. f3 Bf5 5. Bb5+ Nbd7 6. Nc3 a6 7. Ba4 b5 8. Bb3 Nb6 9. a4 b4 10. a5 bxc3 11. axb6 cxb6 12. bxc3 Nxd5 13. c4 Nc7 14. Ne2 e6 15. O-O Bd6 16. Bb2 O-O 17. f4 Be4 18. Ng3 Bb7 19. Qg4 f5 20. Qe2 Qd7 21. Rae1 Rae8 22. Nh5 g6 23. Ng3 h5 24. Qd2 h4 25. Ne2 Qc6 26. d5 exd5 27. Nd4 Bc5 28. cxd5 Qd6 29. Qf2 Bxd5 30. Bxd5+ Qxd5 31. Rd1 Re4 32. Kh1 h3 33. Qg3 hxg2+ 34. Qxg2 Qf7 35. Nc6 Qh7 36. Ne5 Qh5 37. Rd7 Ne6 38. Nxg6 Qg4 39. Qxg4 fxg4 40. Nxf8 Kxf8 41. f5 Ng5 42. f6 Re2 43. f7 Bf2 44. Ba3+ Bc5 1-0

[Event "Winnipeg TNT Oct op"]
[Site "Winnipeg CAN"]
[Date "1997.10.14"]
[Round "2"]
[White "Schulz, Manfred"]
[Black "Barg, Andrew"]
[Result "1-0"]
[WhiteElo "1985"]
[BlackElo "1836"]
[PlyCount "92"]
[GameId "2160767911931932"]
[EventDate "1997.10.07"]
[EventType "swiss"]
[EventRounds "4"]
[EventCountry "CAN"]

1. e4 d5 2. exd5 Qxd5 3. Nc3 Qa5 4. d4 Nf6 5. Nf3 g6 6. Bc4 Bg7 7. O-O Bg4 8. h3 Bxf3 9. Qxf3 c6 10. Bb3 e6 11. Re1 O-O 12. Bd2 Qb6 13. Rad1 Nbd7 14. Be3 Nd5 15. Nxd5 cxd5 16. c3 a5 17. Rb1 a4 18. Bc2 Qc6 19. Bd3 b5 20. Qe2 Rfb8 21. a3 e5 22. dxe5 Nxe5 23. Bd4 Nxd3 24. Qxd3 Qc4 25. Rbd1 Re8 26. Qxc4 bxc4 27. Rxe8+ Rxe8 28. Bxg7 Kxg7 29. Rxd5 Rb8 30. Ra5 Rxb2 31. Rxa4 Rb3 32. Rxc4 Rxa3 33. Kf1 Ra2 34. Rd4 Rc2 35. Rd3 h5 36. h4 Kf6 37. Rf3+ Ke5 38. Ke1 f5 39. Kd1 Ra2 40. Re3+ Kd5 41. Re2 Ra3 42. Rc2 Kc4 43. Kd2 f4 44. Rc1 Ra2+ 45. Rc2 Ra3 46. Ke2 Rxc3 1-0

[Event "Winnipeg TNT Oct op"]
[Site "Winnipeg CAN"]
[Date "1997.10.14"]
[Round "2"]
[White "Sliwowski, Paul"]
[Black "Herkert, Dean"]
[Result "0-1"]
[WhiteElo "1347"]
[BlackElo "1634"]
[PlyCount "84"]
[GameId "2160767911931933"]
[EventDate "1997.10.07"]
[EventType "swiss"]
[EventRounds "4"]
[EventCountry "CAN"]

1. e4 Nf6 2. e5 Nd5 3. Bc4 Nb6 4. Be2 e6 5. d4 d5 6. Nf3 c5 7. c3 Nc6 8. O-O Be7 9. Bf4 Bd7 10. Nbd2 c4 11. b3 Ba3 12. Qc2 cxb3 13. axb3 Be7 14. c4 Nb4 15. Qc3 dxc4 16. bxc4 Qc7 17. Bg5 Na4 18. Qb3 Bxg5 19. Nxg5 Qa5 20. Bf3 Rb8 21. d5 b5 22. c5 exd5 23. Bxd5 Nxd5 24. Qxd5 O-O 25. Qxd7 Rbd8 26. Qe7 Rxd2 27. Nxh7 Qd8 28. Nf6+ gxf6 29. exf6 Qxe7 30. fxe7 Re8 31. Rfe1 Rd7 32. Rad1 Rxd1 33. Rxd1 Rxe7 34. Rd8+ Kh7 35. h4 Nxc5 36. g4 Rb7 37. Re8 b4 38. Re1 a5 39. f4 a4 40. Rb1 a3 41. g5 a2 42. Rxb4 Rxb4 0-1

[Event "Winnipeg TNT Oct op"]
[Site "Winnipeg CAN"]
[Date "1997.10.14"]
[Round "2"]
[White "Weijs, Harry"]
[Black "Greenberg, Harley"]
[Result "1-0"]
[WhiteElo "1570"]
[BlackElo "1748"]
[PlyCount "73"]
[GameId "2160767911931934"]
[EventDate "1997.10.07"]
[EventType "swiss"]
[EventRounds "4"]
[EventCountry "CAN"]

1. d4 Nf6 2. Nf3 g6 3. Bg5 Bg7 4. Nbd2 d6 5. c3 O-O 6. e3 Re8 7. Be2 Nbd7 8. O-O c5 9. Bxf6 Nxf6 10. a4 b6 11. Qc2 Bb7 12. Bb5 Rf8 13. a5 a6 14. Bd3 cxd4 15. exd4 b5 16. Rfe1 Rc8 17. b4 Qc7 18. Ra3 Nd5 19. Be4 Nxb4 20. Qb3 Nc6 21. Bxc6 Qxc6 22. Rxe7 Rce8 23. Rxe8 Rxe8 24. c4 Bxd4 25. cxb5 Qc1+ 26. Nf1 Bxf3 27. Qxf3 Bxf2+ 28. Kxf2 Qc5+ 29. Re3 f5 30. Qc6 Re5 31. Qxc5 Rxc5 32. b6 Rb5 33. Ra3 Kf7 34. Nd2 Ke6 35. Rb3 Kd7 36. Rxb5 axb5 37. a6 1-0

[Event "Winnipeg TNT Oct op"]
[Site "Winnipeg CAN"]
[Date "1997.10.21"]
[Round "3"]
[White "Barg, Andrew"]
[Black "Trueman, Francis"]
[Result "1-0"]
[WhiteElo "1836"]
[BlackElo "1434"]
[PlyCount "75"]
[GameId "2160767911931935"]
[EventDate "1997.10.07"]
[EventType "swiss"]
[EventRounds "4"]
[EventCountry "CAN"]

1. e4 c6 2. d4 d5 3. f3 dxe4 4. fxe4 e5 5. Nf3 Bg4 6. Bc4 Bxf3 7. Qxf3 Qf6 8. dxe5 Qxf3 9. gxf3 Be7 10. Be3 Bh4+ 11. Ke2 Nd7 12. f4 Nh6 13. Nd2 Ng4 14. Nf3 Nxe3 15. Kxe3 Bd8 16. h4 Bb6+ 17. Kd2 Nc5 18. Rae1 Na4 19. Kc1 Ba5 20. c3 b5 21. Bb3 Nc5 22. Bc2 O-O-O 23. Nd4 Bb6 24. Nxc6 Nd3+ 25. Bxd3 Rxd3 26. Ne7+ Kd7 27. Nd5 Ba5 28. Rd1 Rf3 29. Rhg1 g6 30. Kc2 Rc8 31. Nb6+ Kc7 32. Nxc8 Kxc8 33. Rgf1 Rh3 34. f5 Rxh4 35. e6 fxe6 36. f6 Bc7 37. f7 Bd6 38. Rxd6 1-0

[Event "Winnipeg TNT Oct op"]
[Site "Winnipeg CAN"]
[Date "1997.10.21"]
[Round "3"]
[White "Ford, Stephen"]
[Black "Weijs, Harry"]
[Result "1/2-1/2"]
[WhiteElo "1493"]
[BlackElo "1570"]
[PlyCount "85"]
[GameId "2160767911931936"]
[EventDate "1997.10.07"]
[EventType "swiss"]
[EventRounds "4"]
[EventCountry "CAN"]

1. e4 d5 2. exd5 Nf6 3. c4 e6 4. Nc3 exd5 5. cxd5 Nxd5 6. Qb3 Nb4 7. a3 Nd3+ 8. Bxd3 Qxd3 9. Nge2 Bd6 10. Qb5+ Qxb5 11. Nxb5 O-O 12. Nxd6 cxd6 13. O-O Re8 14. Nc3 Nc6 15. b4 Nd4 16. Bb2 Bd7 17. Nd5 Ne2+ 18. Kh1 Rac8 19. f4 Rc2 20. Bc3 Nxc3 21. Nxc3 Rxd2 22. Rad1 Rxd1 23. Rxd1 Re6 24. Kg1 f5 25. Kf1 Kf7 26. Re1 Rxe1+ 27. Kxe1 Bc6 28. g3 a6 29. Ne2 g6 30. Nd4 Ke7 31. Kd2 Kd7 32. Kd3 Bd5 33. h4 h5 34. Kd2 Kc7 35. Kc3 b5 36. Kd2 Kb6 37. Kc3 a5 38. Kd2 a4 39. Ke3 Bc4 40. Nf3 Kc6 41. Kd4 Bd5 42. Ng5 Bg8 43. Nh3 1/2-1/2

[Event "Winnipeg TNT Oct op"]
[Site "Winnipeg CAN"]
[Date "1997.10.21"]
[Round "3"]
[White "Hassain, Mahmud"]
[Black "Remillard, John"]
[Result "1-0"]
[WhiteElo "1894"]
[BlackElo "1600"]
[PlyCount "67"]
[GameId "2160767911931937"]
[EventDate "1997.10.07"]
[EventType "swiss"]
[EventRounds "4"]
[EventCountry "CAN"]

1. e4 e6 2. d4 d5 3. e5 c5 4. c3 cxd4 5. cxd4 Bb4+ 6. Nc3 Ne7 7. a3 Bxc3+ 8. bxc3 O-O 9. Bd3 Qc7 10. Ne2 Bd7 11. O-O Nbc6 12. f4 a5 13. Qe1 f6 14. Qh4 f5 15. Rf3 Be8 16. a4 Ng6 17. Qf2 Na7 18. Ba3 Rf7 19. Bd6 Qc6 20. c4 dxc4 21. Rc1 Qxa4 22. Bxc4 Qd7 23. d5 Nf8 24. dxe6 Nxe6 25. Nd4 Nxd4 26. Qxd4 Nc8 27. Rg3 b5 28. e6 Qxd6 29. exf7+ Kf8 30. Qxg7+ Ke7 31. fxe8=Q+ Kxe8 32. Bxb5+ Kd8 33. Rd3 Qxd3 34. Qf8# 1-0

[Event "Winnipeg TNT Oct op"]
[Site "Winnipeg CAN"]
[Date "1997.10.21"]
[Round "3"]
[White "Herkert, Dean"]
[Black "Kim, Phillip"]
[Result "0-1"]
[WhiteElo "1634"]
[BlackElo "2105"]
[PlyCount "47"]
[GameId "2160767911931938"]
[EventDate "1997.10.07"]
[EventType "swiss"]
[EventRounds "4"]
[EventCountry "CAN"]

1. f4 c5 2. Nf3 Nf6 3. e3 g6 4. b3 Bg7 5. Bb2 O-O 6. d4 b6 7. Nbd2 Nd5 8. Qe2 Nc6 9. Qf2 cxd4 10. Nxd4 Nxd4 11. Bxd4 Bxd4 12. exd4 Qc7 13. Bc4 Nxf4 14. O-O Ne6 15. Ne4 Bb7 16. d5 Nd8 17. d6 exd6 18. Qd4 Bxe4 19. Qxe4 Rc8 20. Rf3 b5 21. Bd3 Ne6 22. Rf5 gxf5 23. Qh4 Qc3 24. Rf1 0-1

[Event "Winnipeg TNT Oct op"]
[Site "Winnipeg CAN"]
[Date "1997.10.21"]
[Round "3"]
[White "Klokow, John"]
[Black "Schulz, Manfred"]
[Result "0-1"]
[WhiteElo "1761"]
[BlackElo "1985"]
[PlyCount "62"]
[GameId "2160767911931939"]
[EventDate "1997.10.07"]
[EventType "swiss"]
[EventRounds "4"]
[EventCountry "CAN"]

1. e4 c6 2. d4 d5 3. exd5 cxd5 4. c4 Nf6 5. Nc3 e6 6. Bg5 Bb4 7. a3 Bxc3+ 8. bxc3 Qa5 9. Nf3 Ne4 10. Bd2 Nd7 11. cxd5 exd5 12. c4 Nxd2 13. Qxd2 Qxd2+ 14. Nxd2 dxc4 15. Bxc4 Nb6 16. Bb5+ Bd7 17. Bxd7+ Kxd7 18. O-O Nd5 19. Rab1 b6 20. Rb5 Nc7 21. Re5 f6 22. Re4 Rhe8 23. Rfe1 Rxe4 24. Rxe4 Re8 25. Rxe8 Kxe8 26. a4 Nd5 27. Nc4 Nc3 28. a5 b5 29. Nd6+ Kd7 30. Nf5 g6 31. Ng3 b4 0-1

[Event "Winnipeg TNT Oct op"]
[Site "Winnipeg CAN"]
[Date "1997.10.21"]
[Round "3"]
[White "Sliwowski, Paul"]
[Black "Guenther, Don"]
[Result "0-1"]
[WhiteElo "1347"]
[BlackElo "1715"]
[PlyCount "70"]
[GameId "2160767911931940"]
[EventDate "1997.10.07"]
[EventType "swiss"]
[EventRounds "4"]
[EventCountry "CAN"]

1. e4 d6 2. d4 Nf6 3. Nc3 g6 4. Be3 Bg7 5. Nf3 c6 6. Qd2 O-O 7. Be2 Qc7 8. O-O-O b5 9. h3 Nbd7 10. e5 dxe5 11. dxe5 b4 12. exf6 bxc3 13. Qxc3 Bxf6 14. Bd4 e5 15. Be3 Rb8 16. Bg5 Bg7 17. Be3 e4 18. Bd4 exf3 19. Bxg7 fxe2 20. Rd2 Re8 21. Re1 Qf4 22. g3 Qxf2 23. Rdxe2 Rxe2 24. Rxe2 Qxe2 25. Bh8 f6 26. Bxf6 Qf1+ 27. Kd2 Qxf6 28. Qxf6 Nxf6 29. Kc3 Ne4+ 30. Kd4 Nxg3 31. b3 Bxh3 32. a4 Re8 33. Kc5 Bg2 34. b4 Nf5 35. c4 Re5# 0-1

[Event "Winnipeg TNT Oct op"]
[Site "Winnipeg CAN"]
[Date "1997.10.21"]
[Round "4"]
[White "Barg, Andrew"]
[Black "Klokow, John"]
[Result "0-1"]
[WhiteElo "1836"]
[BlackElo "1761"]
[PlyCount "54"]
[GameId "2160767911931941"]
[EventDate "1997.10.07"]
[EventType "swiss"]
[EventRounds "4"]
[EventCountry "CAN"]

1. e4 e5 2. f4 exf4 3. Nf3 Be7 4. Bc4 Bh4+ 5. g3 fxg3 6. O-O gxh2+ 7. Kh1 d5 8. Bxd5 Bh3 9. Nxh4 Qxh4 10. Bxb7 Bxf1 11. Qxf1 Nf6 12. Nc3 Ng4 13. Nd1 Nd7 14. Bxa8 Ndf6 15. Bc6+ Ke7 16. a4 Nh5 17. Ra3 Ng3+ 18. Rxg3 Qxg3 19. d4 h5 20. e5 Rd8 21. Bg5+ f6 22. exf6+ gxf6 23. Bf4 Qg1+ 24. Qxg1 hxg1=Q+ 25. Kxg1 Rxd4 26. Bxc7 Rxd1+ 27. Kg2 Rd2+ 0-1

[Event "Winnipeg TNT Oct op"]
[Site "Winnipeg CAN"]
[Date "1997.10.21"]
[Round "4"]
[White "Ford, Stephen"]
[Black "Hassain, Mahmud"]
[Result "1-0"]
[WhiteElo "1493"]
[BlackElo "1894"]
[PlyCount "91"]
[GameId "2160767911931942"]
[EventDate "1997.10.07"]
[EventType "swiss"]
[EventRounds "4"]
[EventCountry "CAN"]

1. e4 c5 2. Nc3 d6 3. f4 a6 4. Nf3 b5 5. d3 Nc6 6. Be3 e6 7. g3 Nf6 8. h3 Bb7 9. Bg2 Be7 10. Qd2 Qc7 11. g4 Rd8 12. g5 Nh5 13. Qf2 d5 14. exd5 exd5 15. Ne2 d4 16. Bd2 O-O 17. Nh2 f5 18. Bf3 Nb4 19. Bxb4 cxb4 20. Bxb7 Qxb7 21. Qf3 Qd5 22. Rf1 g6 23. Qxd5+ Rxd5 24. Nf3 Bc5 25. Kd2 Re8 26. Nfg1 Rd7 27. Rf3 Rde7 28. Raf1 a5 29. Nc1 a4 30. h4 b3 31. cxb3 Re1 32. Rxe1 Bb4+ 33. Kc2 Bxe1 34. Nce2 Rd8 35. Kd1 Bxh4 36. bxa4 bxa4 37. Rf1 Ng3 38. Nxg3 Bxg3 39. Rf3 Bh4 40. Ne2 h6 41. gxh6 Kf7 42. Ng3 Rh8 43. Ne2 Bf6 44. Rh3 Rh7 45. Ng1 Bg7 46. hxg7 1-0

[Event "Winnipeg TNT Oct op"]
[Site "Winnipeg CAN"]
[Date "1997.10.21"]
[Round "4"]
[White "Guenther, Don"]
[Black "Kim, Phillip"]
[Result "0-1"]
[WhiteElo "1715"]
[BlackElo "2105"]
[PlyCount "74"]
[GameId "2160767911931943"]
[EventDate "1997.10.07"]
[EventType "swiss"]
[EventRounds "4"]
[EventCountry "CAN"]

1. e4 c5 2. Nc3 Nc6 3. g3 g6 4. Bg2 Bg7 5. d3 d6 6. Be3 Rb8 7. Qd2 e6 8. Nge2 Nd4 9. Rb1 b5 10. b4 Bd7 11. O-O Ne7 12. Bf4 cxb4 13. Rxb4 Nec6 14. Rbb1 Qc7 15. Nxd4 Nxd4 16. Nd1 O-O 17. c3 Nc6 18. d4 Na5 19. Ne3 a6 20. Rfc1 Rbc8 21. Bf1 Qb6 22. Ng4 h5 23. Ne3 Rfe8 24. Bd3 Kf8 25. Nc2 e5 26. Be3 Qb7 27. Nb4 Nc4 28. Bxc4 Rxc4 29. Qe2 Rec8 30. Rb3 exd4 31. Bf4 Be5 32. Bh6+ Kg8 33. Qd3 Bc6 34. Re1 dxc3 35. f3 a5 36. Nc2 Ra4 37. f4 Qb6+ 0-1

[Event "Winnipeg TNT Oct op"]
[Site "Winnipeg CAN"]
[Date "1997.10.21"]
[Round "4"]
[White "Schulz, Manfred"]
[Black "Weijs, Harry"]
[Result "1-0"]
[WhiteElo "1995"]
[BlackElo "1570"]
[PlyCount "69"]
[GameId "2160767911931944"]
[EventDate "1997.10.07"]
[EventType "swiss"]
[EventRounds "4"]
[EventCountry "CAN"]

1. e4 d5 2. exd5 Nf6 3. d4 Bg4 4. Nf3 Qxd5 5. Nc3 Qf5 6. Bd3 Bxf3 7. Bxf5 Bxd1 8. Nxd1 e6 9. Bd3 Nbd7 10. O-O O-O-O 11. Nc3 Nd5 12. Nxd5 exd5 13. Bf4 g6 14. Rfe1 Bg7 15. c3 Rde8 16. Kf1 Re6 17. Rxe6 fxe6 18. Re1 Re8 19. Re3 Nf6 20. Be5 Kd7 21. Rh3 Re7 22. Rf3 Ne8 23. Bg3 Nd6 24. h3 Nf5 25. Bf4 Bh6 26. Bxf5 Bxf4 27. Bxe6+ Rxe6 28. Rxf4 Ke7 29. Rf3 Re4 30. Re3 a5 31. Rxe4+ dxe4 32. Ke2 Ke6 33. c4 c6 34. Ke3 Kf5 35. g4+ 1-0

[Event "Winnipeg TNT Sep op"]
[Site "Winnipeg CAN"]
[Date "1997.09.09"]
[Round "1"]
[White "Hassain, Mahmud"]
[Black "Lange, John"]
[Result "1-0"]
[WhiteElo "1894"]
[BlackElo "1356"]
[PlyCount "99"]
[GameId "2160767911932080"]
[EventDate "1997.09.09"]
[EventType "swiss"]
[EventRounds "4"]
[EventCountry "CAN"]

1. e4 c6 2. d4 d5 3. Nc3 dxe4 4. Nxe4 Bf5 5. Ng3 Bg6 6. h4 h6 7. h5 Bh7 8. Nf3 Nf6 9. Bd3 Bxd3 10. Qxd3 e6 11. Bf4 Bd6 12. Bxd6 Qxd6 13. O-O-O O-O 14. Ne5 Nbd7 15. f4 Qd5 16. c4 Qa5 17. Kb1 Rad8 18. Qf3 Nxe5 19. fxe5 Nd7 20. Ne4 Qb4 21. Nd6 Nb6 22. a3 Qa4 23. Nxb7 Rb8 24. Nc5 Qxc4 25. Qd3 Rfd8 26. Na6 Qxd3+ 27. Rxd3 Rb7 28. Nb4 Nc4 29. Rc1 c5 30. dxc5 Rxd3 31. Nxd3 Nxa3+ 32. Ka2 Nb5 33. c6 Rc7 34. Nb4 Nd4 35. Rc4 a5 36. Rxd4 axb4 37. Rc4 f6 38. exf6 gxf6 39. Kb3 Kf7 40. Kxb4 Ke7 41. Kc5 e5 42. b4 f5 43. b5 e4 44. b6 Rc8 45. b7 Rd8 46. c7 e3 47. Re4+ fxe4 48. cxd8=Q+ Kxd8 49. b8=Q+ Ke7 50. Qe5+ 1-0

[Event "Winnipeg TNT Sep op"]
[Site "Winnipeg CAN"]
[Date "1997.09.16"]
[Round "2"]
[White "Gibbons, Lorne"]
[Black "Schulz, Waldemar"]
[Result "0-1"]
[WhiteElo "1272"]
[BlackElo "2024"]
[PlyCount "52"]
[GameId "2160767911932081"]
[EventDate "1997.09.09"]
[EventType "swiss"]
[EventRounds "4"]
[EventCountry "CAN"]

1. e4 c5 2. Bc4 e6 3. Nc3 Nc6 4. d3 a6 5. Be3 b5 6. Bb3 Nf6 7. Qf3 Qc7 8. Nge2 Bb7 9. Bg5 Be7 10. Qg3 Qxg3 11. Nxg3 h6 12. Bxf6 Bxf6 13. Nh5 Bxc3+ 14. bxc3 O-O 15. O-O-O Rfd8 16. Rde1 Na5 17. f4 Bc6 18. Rhg1 c4 19. Ref1 cxb3 20. cxb3 d5 21. b4 Nb7 22. Ng3 a5 23. a3 dxe4 24. dxe4 axb4 25. axb4 Nd6 26. Re1 Nxe4 0-1

[Event "Winnipeg TNT Sep op"]
[Site "Winnipeg CAN"]
[Date "1997.09.16"]
[Round "2"]
[White "Gibbons, Michael"]
[Black "Piche, Jeremie"]
[Result "1-0"]
[WhiteElo "2026"]
[BlackElo "1739"]
[PlyCount "61"]
[GameId "2160767911932082"]
[EventDate "1997.09.09"]
[EventType "swiss"]
[EventRounds "4"]
[EventCountry "CAN"]

1. Nf3 Nf6 2. d4 d5 3. c4 e6 4. Nc3 Nbd7 5. Bg5 c6 6. e3 Be7 7. Rc1 O-O 8. Bd3 dxc4 9. Bxc4 Nb6 10. Bb3 Nbd5 11. O-O Bd7 12. Re1 Rc8 13. e4 Nxc3 14. bxc3 c5 15. Qd3 b5 16. Bc2 c4 17. Qd2 Ne8 18. Bxe7 Qxe7 19. e5 Nc7 20. Be4 a5 21. Qf4 Na6 22. Re3 h6 23. g4 g5 24. Qg3 f5 25. exf6 Rxf6 26. Bb7 Qa3 27. Rc2 Qa4 28. Rce2 Rcf8 29. Bxa6 Bc6 30. Ne5 Qd1+ 31. Re1 1-0

[Event "Winnipeg TNT Sep op"]
[Site "Winnipeg CAN"]
[Date "1997.09.16"]
[Round "2"]
[White "Hassain, Mahmud"]
[Black "Kim, Phillip"]
[Result "0-1"]
[WhiteElo "1894"]
[BlackElo "2105"]
[PlyCount "78"]
[GameId "2160767911932083"]
[EventDate "1997.09.09"]
[EventType "swiss"]
[EventRounds "4"]
[EventCountry "CAN"]

1. c4 g6 2. Nc3 Bg7 3. g3 Nf6 4. Bg2 O-O 5. Nf3 d6 6. O-O Nc6 7. d3 e5 8. Rb1 h6 9. b4 Be6 10. b5 Nd4 11. Nd2 Rb8 12. Ba3 b6 13. e3 Nf5 14. Bb4 Nd7 15. Nde4 Ne7 16. Ne2 Nc5 17. Nxc5 dxc5 18. Bc3 Nf5 19. Qc2 Qg5 20. Kh1 Rbd8 21. Bd2 Qe7 22. Nc3 Qd7 23. Nd5 Ne7 24. Nxe7+ Qxe7 25. Rb3 Qd7 26. Bc6 Qd6 27. Rd1 a5 28. Bg2 Bg4 29. f3 Be6 30. e4 f5 31. f4 fxe4 32. Bxe4 Bh3 33. Be3 Qf6 34. Qf2 Qe6 35. Bd5 Rxd5 36. cxd5 Qxd5+ 37. Kg1 exf4 38. gxf4 Rxf4 39. Bxf4 Bd4 0-1

[Event "Winnipeg TNT Sep op"]
[Site "Winnipeg CAN"]
[Date "1997.09.16"]
[Round "2"]
[White "Lange, John"]
[Black "Herkert, Dean"]
[Result "0-1"]
[WhiteElo "1356"]
[BlackElo "1634"]
[PlyCount "86"]
[GameId "2160767911932084"]
[EventDate "1997.09.09"]
[EventType "swiss"]
[EventRounds "4"]
[EventCountry "CAN"]

1. d4 Nf6 2. c4 g6 3. Nc3 Bg7 4. e4 d6 5. Nf3 O-O 6. Be2 c6 7. O-O Nbd7 8. Bf4 Re8 9. e5 Nh5 10. Qd2 dxe5 11. Nxe5 Nxf4 12. Qxf4 Nxe5 13. dxe5 Qc7 14. c5 Qxe5 15. Qxe5 Bxe5 16. Rac1 Be6 17. b3 Red8 18. Rfd1 Rxd1+ 19. Nxd1 Rd8 20. Nc3 Rd2 21. Bf1 Bxc3 22. Rxc3 Rxa2 23. g3 Ra3 24. Bc4 Bxc4 25. Rxc4 Rxb3 26. Rd4 Kg7 27. Kg2 a5 28. Rd8 Kf6 29. Ra8 Rb5 30. Ra7 Ke6 31. Kh3 Kd5 32. Ra8 Kxc5 33. Rf8 f6 34. Rf7 Kd6 35. Rxh7 Rh5+ 36. Rxh5 gxh5 37. g4 hxg4+ 38. Kxg4 a4 39. h4 a3 40. h5 a2 41. Kf5 a1=Q 42. h6 Qg1 43. f4 Qg8 0-1

[Event "Winnipeg TNT Sep op"]
[Site "Winnipeg CAN"]
[Date "1997.09.16"]
[Round "2"]
[White "Schulz, Manfred"]
[Black "Remillard, John"]
[Result "1-0"]
[WhiteElo "1985"]
[BlackElo "1600"]
[PlyCount "72"]
[GameId "2160767911932085"]
[EventDate "1997.09.09"]
[EventType "swiss"]
[EventRounds "4"]
[EventCountry "CAN"]

1. e4 c5 2. Nf3 g6 3. d4 Bg7 4. Nc3 cxd4 5. Nxd4 b6 6. Bc4 Bb7 7. Be3 Na6 8. Qd2 h5 9. O-O-O Rc8 10. Bd5 Bxd5 11. Nxd5 Nf6 12. Nc3 Ng4 13. Bg5 f6 14. Be3 Nxe3 15. fxe3 Nc5 16. Qe2 Qc7 17. Rd2 Qb7 18. Qf3 a6 19. Rf1 b5 20. Qg3 g5 21. Nf5 Kf7 22. e5 g4 23. Nxg7 Kxg7 24. exf6+ exf6 25. Qf4 Rcf8 26. Rd6 Ne6 27. Qf5 Rh6 28. Ne4 Rf7 29. Rfd1 b4 30. Ng3 h4 31. Qxg4+ Rg6 32. Qxh4 Qxg2 33. Rxd7 Rxd7 34. Rxd7+ Kf8 35. Qh8+ Rg8 36. Qxf6+ Ke8 1-0

[Event "Winnipeg TNT Sep op"]
[Site "Winnipeg CAN"]
[Date "1997.09.23"]
[Round "3"]
[White "Gushuliak, Justin"]
[Black "Schulz, Manfred"]
[Result "0-1"]
[WhiteElo "1493"]
[BlackElo "1985"]
[PlyCount "52"]
[GameId "2160767911932086"]
[EventDate "1997.09.09"]
[EventType "swiss"]
[EventRounds "4"]
[EventCountry "CAN"]

1. e4 c6 2. d4 d5 3. Nc3 dxe4 4. Nxe4 Nf6 5. Nxf6+ gxf6 6. Bc4 Bf5 7. Nf3 e6 8. Bf4 Bd6 9. Bg3 Qc7 10. O-O Nd7 11. Bd3 Bg4 12. c3 O-O-O 13. b4 h5 14. Bxd6 Qxd6 15. h3 Rdg8 16. Kh1 Qf4 17. Qe2 Bxf3 18. Qxf3 Qxf3 19. gxf3 Rg5 20. Rg1 Rhg8 21. Rxg5 fxg5 22. Rg1 f5 23. f4 g4 24. hxg4 fxg4 25. a4 Nf6 26. c4 Rd8 0-1

[Event "Winnipeg TNT Sep op"]
[Site "Winnipeg CAN"]
[Date "1997.09.23"]
[Round "3"]
[White "Herkert, Dean"]
[Black "Hassain, Mahmud"]
[Result "1-0"]
[WhiteElo "1634"]
[BlackElo "1894"]
[PlyCount "67"]
[GameId "2160767911932087"]
[EventDate "1997.09.09"]
[EventType "swiss"]
[EventRounds "4"]
[EventCountry "CAN"]

1. f4 Nf6 2. Nf3 e6 3. e3 Be7 4. Nc3 c5 5. b3 a6 6. Bd3 d5 7. Ne2 b5 8. Ng3 h5 9. h4 c4 10. Be2 Ne4 11. Nxe4 dxe4 12. Ng5 cxb3 13. axb3 Bb7 14. Bb2 Bf6 15. Bxh5 Bxb2 16. Nxf7 Qf6 17. Nxh8+ Kd7 18. Rb1 Nc6 19. Ng6 Ba3 20. Qg4 Nb4 21. Ne5+ Kd6 22. O-O Nxc2 23. Qg5 Bc5 24. Nf7+ Kc6 25. Qxf6 gxf6 26. Rbc1 Nb4 27. g4 a5 28. Bg6 Kd5 29. h5 Bc6 30. Bxe4+ Kxe4 31. Rxc5 Bd5 32. Nd6+ Kd3 33. Rf2 Bxb3 34. Rc3# 1-0

[Event "Winnipeg TNT Sep op"]
[Site "Winnipeg CAN"]
[Date "1997.09.23"]
[Round "3"]
[White "Kim, Phillip"]
[Black "Gibbons, Michael"]
[Result "0-1"]
[WhiteElo "2026"]
[BlackElo "2105"]
[PlyCount "104"]
[GameId "2160767911932088"]
[EventDate "1997.09.09"]
[EventType "swiss"]
[EventRounds "4"]
[EventCountry "CAN"]

1. e4 d6 2. d4 Nf6 3. Nc3 g6 4. Be3 c6 5. f3 b5 6. g4 Nbd7 7. Qd2 Bg7 8. O-O-O Nb6 9. Bh6 Bxh6 10. Qxh6 b4 11. Nb1 Qc7 12. Qd2 a5 13. g5 Nh5 14. f4 Ba6 15. Bxa6 Rxa6 16. Ne2 d5 17. e5 Nc4 18. Qd3 Qa7 19. Nd2 Nxd2 20. Qxd2 Qd7 21. Ng3 Qg4 22. Rdf1 Nxg3 23. hxg3 Qxg3 24. f5 c5 25. fxg6 Rxg6 26. Rhg1 Qh3 27. dxc5 Qe6 28. Qf4 h6 29. Rh1 Rxg5 30. c6 Rxe5 31. Rhg1 h5 32. Qd4 Qh6+ 33. Kb1 Qe3 34. Qd1 Qc5 35. Qf3 f6 36. Rc1 Qc4 37. b3 Qc3 38. Qh1 Kf7 39. Rgd1 Qxc6 40. Rd3 Rc8 41. Qh3 Qe6 42. Qh4 Qg4 43. Qh1 Qe4 44. Qg1 Rc3 45. Rd4 Qe3 46. Qd1 Qe2 47. Qh1 Qf3 48. Qg1 Rg5 49. Qe1 e5 50. Rh4 d4 51. Rh1 d3 52. Rf1 Qe2 0-1

[Event "Winnipeg TNT Sep op"]
[Site "Winnipeg CAN"]
[Date "1997.09.23"]
[Round "3"]
[White "Piche, Jeremie"]
[Black "Ford, Stephen"]
[Result "0-1"]
[WhiteElo "1497"]
[BlackElo "1739"]
[PlyCount "80"]
[GameId "2160767911932089"]
[EventDate "1997.09.09"]
[EventType "swiss"]
[EventRounds "4"]
[EventCountry "CAN"]

1. e4 c5 2. Nf3 d6 3. d4 cxd4 4. Nxd4 Nf6 5. Nc3 a6 6. Be2 e6 7. O-O Be7 8. Be3 Nc6 9. f4 O-O 10. g4 Nxd4 11. Bxd4 h6 12. Be3 Nh7 13. Qd2 b5 14. Rf2 Bb7 15. Bf3 Bh4 16. Rg2 Rc8 17. g5 hxg5 18. fxg5 f5 19. gxf6 Nxf6 20. Bh6 Rf7 21. Qe3 Nd7 22. Rf1 Ne5 23. b3 Qc7 24. Ne2 Rcf8 25. Nd4 Qe7 26. Bg5 Bxg5 27. Rxg5 Nxf3+ 28. Nxf3 Rxf3 29. Rxf3 Rxf3 30. Qxf3 Qxg5+ 31. Kf2 Qd2+ 32. Kg3 Qxc2 33. Qh5 Qc8 34. Kf4 Qf8+ 35. Ke3 Qf7 36. Qd1 Qc7 37. Qh5 Qc6 38. Qg6 Qxe4+ 39. Qxe4 Bxe4 40. Kxe4 Kf7 0-1